000 00884nam a2200265 a 4500
001 28427
003 BD-RjUL
005 20211209051300.0
008 140330r19591958enkc 000 0 eng d
035 _a(BD-RjUL)28508
035 _a(OCoLC)823206
040 _aDLC
_dBD-RjUL
_beng
_cDLC
041 _aeng
082 0 0 _a192
_bMAL 1959
100 1 _aMalcolm, Norman,
_d1911-1990
_987052
245 1 0 _aLudwig Wittgenstein :
_ba memoir /
_cby Norman Malcolm ; with a biographical sketch by Georg Henrik von Wright.
260 _aLondon :
_bOxford University Press,
_cc1958 [Reprinted 1959].
300 _a99 p. :
_bill. ;
_c23 cm.
504 _aIncludes bibliographical footnotes.
600 1 0 _aWittgenstein, Ludwig,
_d1889-1951.
_987056
700 1 _aWright, G. H. von
_q(Georg Henrik),
_d1916-2003.
_987054
942 _2ddc
_cBK
999 _c28427
_d28427